| 000 | 01030cam a22003017a 4500 | ||
|---|---|---|---|
| 999 |
_c12746 _d12746 |
||
| 003 | EG-ScBUE | ||
| 005 | 20210206114111.0 | ||
| 008 | 090721s2004 ua f 000 jj ara d | ||
| 017 | _a2004/2245 | ||
| 020 | _a9773056635 | ||
| 040 |
_aEG-ScBUE _bara _erda _cEG-ScBUE _dEG-ScBUE |
||
| 082 | 0 | 4 |
_a892.736 _bش ر ق _222 |
| 100 | 1 |
_98749 _aالشرقاوي، محمد، _eمؤلف. |
|
| 245 | 1 | 2 |
_aالنخلة : _bقصص / _cمحمد الشرقاوي. |
| 250 | _aالطبعة الأولى. | ||
| 264 | 1 |
_aالقاهرة : _bالشركة الدولية للطباعة والنشر، _c2004. |
|
| 300 | 1 |
_a142 صفحة ؛ _c17 سم. |
|
| 336 |
_2rdacontent _aنص _btxt |
||
| 337 |
_2rdamedia _aبدون وسيط _bn |
||
| 338 |
_2rdacarrier _aمجلد _bnc |
||
| 490 |
_aأصوات أدبية ؛ _v345 |
||
| 590 | _amustafa galal. | ||
| 650 | 7 |
_98088 _aالقصص العربية القصيرة _zمصر _yقرن 20. _2BUEsh |
|
| 651 | _2BUEsh | ||
| 653 |
_bARALIT _cAugust2015 |
||
| 655 |
_vReading book _934232 |
||
| 942 |
_2ddc _cBB |
||